Zdanenie jednotlivých foriem nadobudnutia nehnuteľností
Vysvetlenie zákona č. 286/1992 Zb. o dani z príjmu v znení neskorších predpisov. Príjmy z predaja nehnuteľností si musia daňovníci priznať v daňovom priznaní. Zohľadnenie výdavkov vynaložených na dosiahnutie príjmu z nehnuteľností. Nadobudnutie nehnuteľností výmenou, kúpnou zmluvou, dedením, darovan...
Salvato in:
| Autore principale: | |
|---|---|
| Natura: | Capitolo di libro |
| Lingua: | slovacco |
| Soggetti: | |
| Tags: |
Nessun Tag, puoi essere il primo ad aggiungerne!!
|
MARC
| LEADER | 00000naa a2200000 4500 | ||
|---|---|---|---|
| 001 | r021429 | ||
| 005 | 20230921075157.6 | ||
| 041 | 0 | |a slo | |
| 044 | |a SK | ||
| 245 | 1 | 0 | |a Zdanenie jednotlivých foriem nadobudnutia nehnuteľností |c Terézia Mäsiarová |
| 520 | |a Vysvetlenie zákona č. 286/1992 Zb. o dani z príjmu v znení neskorších predpisov. Príjmy z predaja nehnuteľností si musia daňovníci priznať v daňovom priznaní. Zohľadnenie výdavkov vynaložených na dosiahnutie príjmu z nehnuteľností. Nadobudnutie nehnuteľností výmenou, kúpnou zmluvou, dedením, darovaním a spôsoby jeho zdaňovania. | ||
| 610 | 2 | 0 | |a Slovensko |
| 610 | 2 | 0 | |a zákony |
| 610 | 2 | 0 | |a dane |
| 610 | 2 | 0 | |a dane z nehnuteľností |
| 610 | 2 | 0 | |a dane zo zisku |
| 610 | 2 | 0 | |a dane z dedičstva |
| 610 | 2 | 0 | |a dane z príjmov |
| 610 | 2 | 0 | |a predaj |
| 610 | 2 | 0 | |a 1992 |
| 100 | 1 | |a Mäsiarová, Terézia | |